Analýza lexiky používanej v hospodárskych vzťahoch krajín Európskej únie dizertačná práca

Gespeichert in:
Bibliographische Detailangaben
1. Verfasser: Halašová, Darina, 1954-
Körperschaft: Ekonomická univerzita v Bratislave. Fakulta medzinárodných vzťahov
Weitere Verfasser: Grossmanová, Marta
Format: Buch
Sprache:Slowakisch
Veröffentlicht: Bratislava 2017
Schlagworte:
Tags: Tag hinzufügen
Keine Tags, Fügen Sie das erste Tag hinzu!

MARC

LEADER 00000nbm a2200000 4500
001 0229312
005 20230302104112.1
041 0 |a slo 
044 |a SK 
245 1 0 |a Analýza lexiky používanej v hospodárskych vzťahoch krajín Európskej únie  |b dizertačná práca  |c Darina Halašová ; školiteľ: Marta Grossmanová 
264 1 |a Bratislava  |c 2017 
300 |a 138 s. 
610 2 0 |a vzťahy hospodárske medzinárodné 
610 2 0 |a Európska únia 
610 2 0 |a lexikológia 
610 2 0 |a terminológia 
100 1 |a Halašová, Darina, 1954- 
700 1 |a Grossmanová, Marta 
710 2 |a Ekonomická univerzita v Bratislave. Fakulta medzinárodných vzťahov